| 000 | 00390nam a2200145 4500 | ||
|---|---|---|---|
| 082 |
_a355.00942 _bFOR |
||
| 100 | 1 |
_aFortescue, J. W. _949223 |
|
| 245 | 1 | 2 | _aA history of the British army. |
| 250 | _a[2d ed.] | ||
| 260 |
_aLondon, _bMacmillan, _c1910-1930. |
||
| 300 |
_a13 v. in 14. _bmaps. _c23 cm. |
||
| 526 |
_a0 _b0 _c0 _d355_009420000000000_FOR |
||
| 650 |
_aMCE _9379 |
||
| 942 |
_2ddc _cBK |
||
| 999 |
_c552263 _d552263 |
||